000 01286nam a22003497a 4500
003 CHAP
005 20220329132925.0
008 971013s1990 r 00010 d
010 _a299
011 _a1271
035 _a447
040 _cCHAP
090 _aTesis
100 0 0 _aOviedo Ruiz, José Luis.
_984409
245 _aEvaluación financiera y económica del proyecto de una plantación forestal para árboles de navidad en el ejido Santa Rita, mpio. de Arteaga, Coah.
260 _aChapingo, Méx. :
_bEl autor,
_c1990
300 _a114 h.
502 _aTesis (M.C. Esp. en Economía Agrícola) -- CP. Centro de Economía
590 _aALEPH
_b10
_c20130110
_lUCH01
_h1204
590 _aBATCH-UPD
_b10
_c20130110
_lUCH01
_h1951
590 _aBATCH-UPD
_b10
_c20130410
_lUCH01
_h1313
590 _aBATCH-UPD
_b10
_c20130914
_lUCH01
_h0705
590 _aCONVERSION
_b10
_c20130109
_lUCH01
_h1302
650 1 4 _aÁrboles de navidad.
_982443
650 1 4 _aBosques
_xAspectos económicos
_xCoahuila.
_914067
650 1 4 _aPlantación de árboles.
_988782
710 0 _aColegio de Postgraduados. Chapingo, Méx. Centro de Economía.
_925073
901 _aBK
942 _cFOLL
949 _bBC
_cTES
_d-9893
_eTS1
_h22593
_i447
_si
949 _bBC
_cTES
_d33724000934840
_eTS2
_fc.2
_h22594
_i447
_si
999 _c299
_d299